Statistiken für Länder am nächsten zu Burkina Faso mit einer Karte

Klicken Sie hier um das Quiz zu spielen!

Allgemein

  • Dieses Quiz wurde 135 mal gespielt
  • Das Durchschnittsergebnis liegt bei 15 aus 20

Antworten auf der Karte

Die Antworten werden auf der Karte rot bzw. grün angezeigt, abhängig davon wie oft sie richtig erraten wurden.
 

Antwortstatistiken

Land% Korrekt
Niger
98%
Togo
96%
Côte d'Ivoire
95%
Ghana
95%
Mali
94%
Nigeria
94%
Benin
93%
Guinea
88%
Senegal
86%
Liberia
85%
Mauretanien
82%
Sierra Leone
79%
Guinea-Bissau
77%
Gambia
72%
Algerien
70%
Kamerun
59%
Marokko
58%
Tschad
54%
São Tomé und Príncipe
26%
Äquatorial-Guinea
23%

Verteilung der Resultate

Perzentil nach korrekt beantworteten Fragen

Anzahl Personen mit jedem Resultat

Ihre Resultats-Entwicklung

Sie haben dieses Quiz noch nicht gespielt